000 00492nam a2200205Ia 4500
008 180207s9999 xx 000 0 und d
020 _a9780761422882
050 _bR239 2006
100 _aRau, Dana Meachen
245 _aVerbs in action :
245 _bblow out /
245 _cby Dana Meachen Rau.
260 _aNew York :
260 _bMarshall Cavendish,
260 _c2006
300 _a29 pages :
300 _bchiefly colored ;
300 _c18cm.
440 _aBookworms.
999 _c355715
_d355715